Stemmi Squadre di calcio dal dettaglio - Quiz n°15 - Statistics

Statistiche generali
  • Questo quiz è stato fatto 5 volte
  • Il punteggio medio è 6 su 10
Statistiche sulle risposte
con Immagini Risposta % Corretto
Avellino
100%
Genoa
100%
Perugia
100%
Slavia Praga
80%
Südtirol
80%
Tottenham
80%
Darmstadt
40%
Nancy
20%
Greuther Fürth
0%
Staìrasburgo
0%
Nessun quiz corrispondente trovato
Distribuzione punteggi
Percentuale di utenti per punteggio
Percentile per numero di risposta
I tuoi punteggi nel tempo
Non hai fatto questo quiz